Rethinking contaminated land (Record no. 74785)

MARC details
000 -LEADER
fixed length control field 01633cab a2200241 4500
001 - CONTROL NUMBER
control field ABS68785
008 - FIXED-LENGTH DATA ELEMENTS--GENERAL INFORMATION
fixed length control field 050209n2005 000 0 eng u
035 ## - SYSTEM CONTROL NUMBER
System control number (Sirsi) u128746
100 ## - MAIN ENTRY--PERSONAL NAME
Personal name Herbert, S.
245 ## - TITLE STATEMENT
Title Rethinking contaminated land
260 ## - PUBLICATION, DISTRIBUTION, ETC.
Date of publication, distribution, etc. 2005
490 ## - SERIES STATEMENT
Series statement RICS Business
Volume/sequential designation February 2005, 28-30(3)
520 ## - SUMMARY, ETC.
Summary, etc. Examines how brownfield land development is being affected by sweeping changes being introduced into UK law on the disposal of hazardous waste including contaminated soil. The broad aim of the legislation is to reduce the UK's dependence on landfill and to move away from a dig and dump waste strategy. Describes the Environment Agency's three point test for waste going to landfill and outlines its voluntary code of practice aimed at reducing waste and saving money. With the costs increasing for testing and treating potentially contaminated soil before transporting it for disposal, developers will invest more in soil investigation. Summarises the findings of the Engineering and Physical Science Research Council's 2004 survey of developers' attitudes towards developing on contaminated sites. Provides further sources of information. View the article at www.rics.org.
590 ## - LOCAL NOTE (RLIN)
Local note ABS
590 ## - LOCAL NOTE (RLIN)
Local note RKA, CONTLAND
650 ## - SUBJECT ADDED ENTRY--TOPICAL TERM
Topical term or geographic name entry element DIRECTIVE 99/31/EC
650 ## - SUBJECT ADDED ENTRY--TOPICAL TERM
Topical term or geographic name entry element WASTE ACCEPTANCE CRITERIA
650 ## - SUBJECT ADDED ENTRY--TOPICAL TERM
Topical term or geographic name entry element LANDFILL
650 ## - SUBJECT ADDED ENTRY--TOPICAL TERM
Topical term or geographic name entry element CONTAMINATED LAND
690 ## - LOCAL SUBJECT ADDED ENTRY--TOPICAL TERM (OCLC, RLIN)
Topical term or geographic name as entry element ENVIRONMENTAL AND LAND CONSULTANCY-WASTE MANAGEMENT
856 ## - ELECTRONIC LOCATION AND ACCESS
Uniform Resource Identifier <a href="https://www.rics.org/Environmentalandlandconsultancy/Wastemanagement/rethinking_contaminated160205.htm">https://www.rics.org/Environmentalandlandconsultancy/Wastemanagement/rethinking_contaminated160205.htm</a>
Public note View the article on the RICS website...
942 ## - ADDED ENTRY ELEMENTS (KOHA)
Suppress in OPAC 0
Holdings
Withdrawn status Lost status Source of classification or shelving scheme Damaged status Not for loan Home library Current library Shelving location Date acquired Total Checkouts Full call number Barcode Date last seen Copy number Price effective from Koha item type
    Dewey Decimal Classification     London London Journal article 09/02/2005   ABS68785 128746-1001 06/08/2019 1 06/08/2019 Journal article